Statistics for Guess The Nickelodeon Classic

Click here to take the quiz!

General Stats

  • This quiz has been taken 52 times
  • The average score is 7 of 11

Answer Stats

DescriptionAnswer% Correct
Fry cook loves his job, with a money obsessed managerSpongebob Squarepants
89%
Ninja reptiles save new yorkTeenage Mutant Ninja Turtles
82%
Stepbrothers dslike each other but hate their little sister moreDrake and Josh
79%
Kid was so down bad that he was gifted two fairiesThe Fairly OddParents
76%
Family of superheroesThundermans
71%
Girl joins the football teamBella and The Bulldogs
66%
Boy band makes music with weird managerBig Time Rush
58%
Ghost kid fights ghostsDanny Phantom
53%
Two friends from two different shows live with a grandmaSam and Cat
50%
Black family haunts white familyHaunted Hathaways
39%
Kid gets stuck in ice for 100 years and has to save the worldAvatar: The Last Airbender
29%

Score Distribution

Percentile by Number Answered

Percent of People with Each Score

Your Score History

You have not taken this quiz